1411 1740 1997 1598 1867 1790 1939 1448 1781 1751 1208 1427 1911 1469 1686 1731 1414 1018 1723 1427 1042 1032 1890 1355 1353 1388 1464 1188 1006 1065 1220 1789 1265 1045 1423 1579 1689 1447 1092 1249 1908 1006 1452 1746 1853 1150 1607 1707 1746 1862 1224 1634 1051 1492 1883 1589 1378 1161 1791 1288 1718 1717 1377 1197 1176 1291 1499 1314 1005 1693 1547 1678 1878 1755 1747 1312 1481 1790 1453 1981 1046 1029 1196 1094 1150 1090 1069 1622 1608 1616 1419 1819 1957 1759 1595 1038 1011 1186 1412 BCNSPRNW ULIB Ver.6.0+V

เปลี่ยนเป็นภาษาไทย

Change to English
 แสดงรายละเอียดบรรณานุกรม
  กลับหน้าหลัก

Brief Record : Get Marc (ISO 2709) : E-mail record : QR code < ปิดหน้าต่าง
LEADER : 00000nam 2200000uu 4500
001    13399120074
003     ULIB
008    120828s2553||||th 000 0 tha d
020    ^a9786161104856
060  4 ^aWY163^bพ172ก
100 0  ^aพจนา ปิยะปกรณ์ชัย
245 10 ^aการพยาบาลผู้ป่วยที่ได้รับการบำบัดด้วยออกซิเจนและเครื่องช่วยหายใจ /^cพจนา ปิยะปกรณ์ชัย
250    ^aพิมพ์ครั้งที่ 1.
260    ^aนนทบุรี :^bโครงการสวัสดิการวิชาการ สถาบันพระบรมราชชนก,^c2553.
300    ^a149 หน้า :^bภาพประกอบ
650  7 ^aทางเดินหายใจ^xโรค^xการพยาบาล
650  7 ^aปอด^xโรค^xการพยาบาล
650  7 ^aออกซิเจน
650  7 ^aทางเดินอากาศหายใจ^xการพยาบาล
650  7 ^aเครื่องช่วยหายใจ
650  7 ^aทางเดินอากาศหายใจ, โรค^xการรักษา
710 2  ^aสถาบันพระบรมราชชนก.^bโครงการสวัสดิการวิชาการ
945    ^p220^l0^i032641
945    ^p220^l0^i032642
945    ^p220^l0^i032643
945    ^p220^l0^i032644
945    ^p220^l0^i032645
945    ^p220^l0^i032646
945    ^p220^l0^i032647
945    ^p220^l0^i034371
995    ^aทศพร
999    ^aทศพร
รายการนี้ยังไม่มีแท็ก
คุณยังไม่ได้ล็อกอิน คุณสามารถมีกิจกรรมร่วมกับเว็บไซต์ได้ แต่ต้องล็อกอินก่อน ::
  ล็อกอิน

รายการสื่อสารสนเทศ

ลำดับที่ ประเภท เลขเรียก/บาร์โค้ด สถานที่ สถานะ
1. วิทยาศาสตร์การแพทย์ และสุขภาพ
หนังสือสำรอง
สถานะ=หนังสือสำรอง
WY163 พ172ก ฉ.1 
  Barcode: 032641
ห้องสมุดวิทยาเขตสวรรค์ประชารักษ์
►ส่วนจัดเก็บหนังสือเก่า สปร
บนชั้น
  ขอยืม
2. วิทยาศาสตร์การแพทย์ และสุขภาพ
วิทยาศาสตร์การแพทย์ และสุขภาพ
WY163 พ172ก ฉ.3 
  Barcode: 032643
ห้องสมุดวิทยาเขตสวรรค์ประชารักษ์
►ส่วนจัดเก็บหนังสือเก่า สปร
บนชั้น
  ขอยืม
3. วิทยาศาสตร์การแพทย์ และสุขภาพ
วิทยาศาสตร์การแพทย์ และสุขภาพ
WY163 พ172ก ฉ.4 
  Barcode: 032644
ห้องสมุดวิทยาเขตสวรรค์ประชารักษ์
►ส่วนจัดเก็บหนังสือเก่า สปร
บนชั้น
  ขอยืม
4. วิทยาศาสตร์การแพทย์ และสุขภาพ
วิทยาศาสตร์การแพทย์ และสุขภาพ
WY163 พ172ก ฉ.5 
  Barcode: 032645
ห้องสมุดวิทยาเขตสวรรค์ประชารักษ์
►ส่วนจัดเก็บหนังสือเก่า สปร
บนชั้น
  ขอยืม
5. วิทยาศาสตร์การแพทย์ และสุขภาพ
วิทยาศาสตร์การแพทย์ และสุขภาพ
WY163 พ172ก ฉ.6 
  Barcode: 032646
ห้องสมุดวิทยาเขตสวรรค์ประชารักษ์
►ส่วนจัดเก็บหนังสือเก่า สปร
บนชั้น
  ขอยืม
6. วิทยาศาสตร์การแพทย์ และสุขภาพ
วิทยาศาสตร์การแพทย์ และสุขภาพ
WY163 พ172ก ฉ.7 
  Barcode: 032647
ห้องสมุดวิทยาเขตสวรรค์ประชารักษ์
►ส่วนจัดเก็บหนังสือเก่า สปร
บนชั้น
  ขอยืม
7. Book การพยาบาล
Book การพยาบาล
WY163 พ172ก ฉ.8 
  Barcode: 034371
ห้องสมุดวิทยาเขตสวรรค์ประชารักษ์
►ส่วนจัดเก็บหนังสือเก่า สปร
บนชั้น
  ขอยืม
Note:อภินันทนาการ จาก โครงการสวัสดิการวิชาการ สบช.

รายการใกล้เคียง
    ผู้แต่ง [พจนา ปิยะปกรณ์ชัย]

    หัวเรื่อง [ออกซิเจน]
    หัวเรื่อง [เครื่องช่วยหายใจ]

BibComment


ยังไม่เคยถูกคอมเมนท์

คอมเมนท์ทรัพยากรรายการนี้
  คอมเมนท์: การพยาบาลผู้ป่วย..


 Copyright 2026. Bcnsprnw @Library